000 00634nam a2200193 4500
999 _c164247
_d164247
005 20190514162106.0
010 _aENG-125181
020 _a9789382968702
_c995.00
035 _aEN-108713
037 _bDBAD/PUB
082 _a361.240
245 _aSavitribai Phule :
_bpioneer of women empowerment/
_ced. by Gopu Sudhakar
260 _aNew Delhi
_bAvni Publications
_c2018
270 _aRZ-45 D, Street No.2, Main Sagarpur
_bNew Delhi
_e110046
_k09891896481
_mavnipublications@gmail.com
300 _axvi,400p.
_c23p.(Hb)
500 _aIncludes index
700 _aSudhakar, Gopu
942 _2ddc
_cEN
_h361.240
_mSAV